Open Data Biblioteca Nacional de Portugal


República Portuguesa: Ministério da Cultura
Biblioteca Nacional de Portugal

Catálogo da BNP: acesso por Identificadores Unívocos
Registos Bibliográficos associados ao registo de autoridade

Etiqueta de registo: 00254nam 2200025 450
001 2287044
003 http://id.bnportugal.gov.pt/bib/catbnp/2287044
010 ## $a978-9-89364-113-2
021 ## $aPT$b556180/25
100 ## $a20260527d2026 m y0pory01030103ba
101 1# $apor$ceng
102 ## $aPT
105 ## $ay z 001yy
106 ## $ar
200 1# $a As seis lições$fLudwig von Mises$gtrad. Miguel Mendes de Almeida, Pedro Almeida Jorge
205 ## $a1ª ed
210 #9 $aLisboa$cCataláxia,$d2026
215 ## $a101 p.$d23 cm
304 ## $aTít. orig.: Economic policy : thoughts for today and tomorrow
700 #1 $aMises,$bLudwig Von$3112530
702 #1 $aAlmeida,$bMiguel Mendes de$4730$31999492
702 #1 $aJorge,$bPedro Almeida,$f1994-$4730$31781463
801 #0 $aPT$bBN$gRPC
966 ## $lBN$mFGMON$x1
966 ## $lBN$mFGMON$x1
971 ## $cabrito$d20260527

Etiqueta de registo: 00254nam 2200025 450
001 2287214
003 http://id.bnportugal.gov.pt/bib/catbnp/2287214
010 ## $a978-989-36411-1-8
021 ## $aPT$b555406/25
100 ## $a20260529d2025 m y0pory01030103ba
101 1# $apor$ceng
102 ## $aPT
105 ## $ay z 000yy
106 ## $ar
200 1# $aLiberalismo$esegunda a tradição Clássica$fLudwig von Mises$gtrad. Miguel Mendes de Almeida, Manuel Ogando
205 ## $a1ª ed
210 #9 $aLisboa$cCataláxia,$d2025
215 ## $a210, [2] p.$d23 cm
304 ## $aTít. orig.: Liberalism in the classical tradition
700 #1 $aMises,$bLudwig Von$3112530
702 #1 $aAlmeida,$bMiguel Mendes de$4730$31999492
702 #1 $aOgando,$bManuel$4730$31973698
801 #0 $aPT$bBN$gRPC
966 ## $lBN$mFGMON$x1
966 ## $lBN$mFGMON$x1
971 ## $cisantos$d20260529

OpendataBNP@bnportugal.pt | Mais informação sobre acesso aos dados BNP